Liverpool Players - Statistics

General Stats
  • This quiz has been taken 30 times
  • The average score is 13 of 16
Answer Stats
Picture Answer % Correct
Mohamed Salah
100%
Virgil van Dijk
100%
Alexis Mac Allister
97%
Sadio Mané
97%
Steven Gerrard
97%
Jordan Henderson
93%
Alisson Becker
90%
Andrew Robertson
90%
Jamie Carragher
86%
Xabi Alonso
86%
Hugo Ekitike
83%
Michael Owen
79%
Naby Keïta
69%
John Barnes
62%
Robbie Fowler
55%
Steve McManaman
52%
No matching quizzes found
Score Distribution
Percent of People with Each Score
Percentile by Number Answered
Your Score History
You have not taken this quiz